Normal view
MARC view
- Woodwork (Manual training)
Entry Topical Term
001 - CONTROL NUMBER
- control field: 44992
003 - CONTROL NUMBER IDENTIFIER
- control field: NUST
005 - DATE AND TIME OF LATEST TRANSACTION
- control field: 20210314133128.0
008 - FIXED-LENGTH DATA ELEMENTS
- fixed length control field: 210314|| aca||aabn | a|a d
040 ## - CATALOGING SOURCE
- Original cataloging agency: NUST
- Transcribing agency: NUST
150 ## - HEADING--TOPICAL TERM
- Topical term or geographic name entry element: Woodwork (Manual training)
670 ## - SOURCE DATA FOUND
- Source citation: Work cat.: (NUST): Holtrop, William F. 44990, Principles of woodworking,, [c1961]
